[Event "Asia-ch Amateur (Women)"]
[Site "Dubai"]
[Date "2023.09.02"]
[Round "8"]
[White "Kiani, Rahil"]
[Black "Eman, Sawan"]
[Result "1-0"]
[WhiteElo "1769"]
[BlackElo "1739"]
[PlyCount "181"]
[EventDate "2023.08.28"]
[EventType "swiss"]
[EventRounds "9"]
[EventCountry "UAE"]
[SourceTitle "EXT 2024"]
[Source "ChessBase"]
[SourceDate "2023.10.10"]
[SourceVersion "1"]
[SourceVersionDate "2023.10.10"]
[SourceQuality "1"]

1. e4 c5 2. Nf3 d6 3. d4 cxd4 4. Nxd4 Nf6 5. Nc3 a6 6. h3 e5 7. Nb3 b5 8. Bg5 Be6 9. Bxf6 gxf6 10. Nd5 Nd7 11. a4 b4 12. Nxb4 Bxb3 13. cxb3 Qa5 14. Qd2 Nc5 15. Nd5 Qxd2+ 16. Kxd2 Bh6+ 17. Kc2 Rc8 18. Nxf6+ Ke7 19. Nd5+ Ke6 20. Bc4 Nxe4 21. Nb6+ d5 22. Nxd5 Kd6 23. Ne3 Bxe3 24. fxe3 Rhg8 25. g4 h5 26. Rad1+ Ke7 27. Rhf1 Nd6 28. Rxd6 Kxd6 29. Rf6+ Kc5 30. Rxa6 hxg4 31. hxg4 Rxg4 32. Kc3 Rc6 33. Ra5+ Kd6 34. Rd5+ Ke6 35. Rc5+ Kd6 36. Rxc6+ Kxc6 37. Bxf7 Re4 38. Kd3 Rb4 39. Bc4 Kc5 40. a5 Rb7 41. a6 Ra7 42. Kc3 Rd7 43. b4+ Kb6 44. b5 Rd6 45. Bd3 Rd7 46. Kc4 Rd6 47. Be4 Rd2 48. b3 Rd6 49. a7 Kxa7 50. Kc5 Rd1 51. Bd5 e4 52. b6+ Kb8 53. Bxe4 Re1 54. Kd4 Re2 55. Bd5 Rd2+ 56. Ke5 Rh2 57. e4 Rh6 58. b7 Kc7 59. Kd4 Rh4 60. Kc5 Rh5 61. b4 Rg5 62. b5 Rh5 63. Kd4 Rh8 64. Bc6 Rh5 65. e5 Rh8 66. e6 Kd6 67. Bd7 Rh4+ 68. Kc3 Rh8 69. Kb4 Kc7 70. Bc6 Kd6 71. Bd7 Kc7 72. Bc8 Rh7 73. Ka5 Rg7 74. b6+ Kb8 75. Bd7 Kxb7 76. Bb5 Re7 77. Bc4 Rg7 78. Bd5+ Kb8 79. Kb5 Re7 80. Kc6 Rg7 81. Kd6 Rd7+ 82. Ke5 Rh7 83. b7 Rh5+ 84. Kd6 Rh8 85. e7 Rh6+ 86. Kd7 Rh7 87. Kd8 Rh5 88. Bc6 Rh8+ 89. e8Q Rxe8+ 90. Kxe8 Kc7 91. Ke7 1-0

[Event "IRI-ch (Women)"]
[Site "Tehran"]
[Date "2017.11.02"]
[Round "1"]
[White "Paktinat, Zhina"]
[Black "Kiani, Rahil"]
[Result "1-0"]
[WhiteElo "1858"]
[BlackElo "1694"]
[PlyCount "35"]
[EventDate "2017.11.02"]
[EventType "swiss"]
[EventRounds "9"]
[EventCountry "IRI"]
[SourceTitle "CBM 181 Extra"]
[Source "ChessBase"]
[SourceDate "2017.12.12"]
[SourceVersion "1"]
[SourceVersionDate "2017.12.12"]
[SourceQuality "1"]

1. e4 e5 2. Nf3 Nf6 3. Nxe5 d6 4. Nf3 Nxe4 5. d4 d5 6. Bd3 Nc6 7. 0-0 Be7 8. Re1 Bg4 9. c3 f5 10. Nbd2 0-0 11. Qb3 Rf6 12. Nxe4 fxe4 13. Bxe4 Rd6 14. Ne5 Be6 15. Bd3 Bf6 16. Bf4 Bg5 17. Nxc6 Rxc6 18. Bxg5 1-0